000 00232nam a2200097Ia 4500
008 240331s9999 xx 000 0 und d
082 _bTEC
100 _aNg, C. ed
245 0 _aTechnology and gender :
_bwomen's work in Asia
942 _cL
999 _c2701
_d2701